00463nam a2200181Ia 4500003000400000005001700004008004000021020001500061040000700076041000800083082001600091100001500107245005400122260004000176300001300216440003400229650001800263OSt20250818112102.0210210b1989 xxu||||| |||| 00| 0 eng d a8170411475 cAL aeng a954.03 BAKS aS R Bakshi aStruggle for independence b: Motilal Nehru Vol 5 aNew DelhibAnmol Publicationsc1989 avi,327p. aIndian Freedom Fighters Vol 5 aMotilal Nehru